Statistics for Harry Potter Professor Name Unscramble - Last Names

Click here to take the quiz!

General Stats

  • This quiz has been taken 157 times
    (113 since last reset)
  • The average score is 10 of 12

Answer Stats

ScrambledUnscrambled% Correct
npaesSnape
100%
ulnpiLupin
95%
wiilctkfFlitwick
94%
mfreyopPomfrey
89%
twalyenreTrelawney
89%
mudreobdlDumbledore
84%
gagmlolcnaMcGonagall
83%
oydomMoody
83%
gdriahHagrid
81%
ximameMaxime
78%
okrrakfafKarkaroff
77%
lhtacokrLockhart
65%

Score Distribution

Percentile by Number Answered

Percent of People with Each Score

Your Score History

You have not taken this quiz since the last reset